000 00839nam a2200265 a 4500
005 20240320063654.0
008 991125s1990 ea 000 0 eng u
020 _a0852995316
035 _aUPN01000039806
049 _aCG
050 4 _aAC1
_bG7 1990 v.48
100 1 _aMelville, Herman,
_d1819-1891
_929256
245 1 0 _aMoby Dick, or, the whale /
_cHerman Melville.
250 _a2nd ed.
260 _aChicago, E.U.A. :
_bEncyclopaedia Britannica,
_c1990.
300 _axx, 395 p.
440 0 _aGreat books of the western world ;
_v48
500 _aBiografĂ­as: p. ix, p. 263
501 _aCon: Adventures of Huckleberry Finn / Mark Twain
650 0 _aAventuras y aventureros
_94121
650 4 _aBALLENAS -
_vNOVELA
_98653
650 2 _aCiencia
_vColecciones
_99879
650 4 _aNovela estadounidense
_94462
905 _aLibro
999 _c39806
_d39806